00361nam a2200121Ia 450000500170000000800410001708200130005810000160007124500240008726000370011130000130014850000780016120250410023219.0240331s9999 xx 000 0 und d a155bROW aRowbatham,S 0aAnpulla doctor Marx aKovaibVidiyal Pathippagamc1999 a126 p ., aTamil Translation of Dear Dr. Marx - A letter from A socialist Feminist